En el XXXIV aniversario del alzamiento nacional
Publicado:
San Jorge, núm. 79 - 80 (3r i 4rt trimestre 1970), pàg 114 :
MARC
| LEADER | 00000nam a2200000Ia 4500 | ||
|---|---|---|---|
| 001 | |||
| 008 | 160829s9999 xx 000 0 cat d | ||
| 245 | |a En el XXXIV aniversario del alzamiento nacional | ||
| 260 | |a San Jorge, núm. 79 - 80 (3r i 4rt trimestre 1970), pàg 114 | ||
| 651 | 0 | |a Espanya |x Història |y 1936-1939, Guerra Civil |x Aniversaris, etc. |9 55760 | |
| 901 | |a Arxiu | ||
| 942 | |n 1 | ||
| 952 | |0 0 |1 0 |4 0 |7 1 |9 49969 |a Arxiu |b Arxiu |d 2016-12-01 |l 0 |r 2016-12-01 00:00:00 |w 2016-12-01 |y ARXIU | ||
| 999 | |c 53811 |d 53811 | ||